[Event "Chigorin Memorial 2019"]
[Site "St Petersburg RUS"]
[Date "2019.10.05"]
[Round "1.118"]
[White "Chesnokova, Anna"]
[Black "Pogorelskikh, Sofia"]
[Result "1/2-1/2"]
[WhiteElo "1683"]
[BlackElo "2173"]
[WhiteFideId "34237453"]
[BlackFideId "44164548"]
[EventDate "2019.10.05"]

1. e4 c5 2. Nf3 d6 3. d4 cxd4 4. Nxd4 Nf6 5. Nc3 a6 6. a4 e5 7. Nb3 Be6 8. Bg5
Be7 9. Bxf6 Bxf6 10. Be2 O-O 11. O-O Nc6 12. Nd5 Bg5 13. c4 a5 14. c5 dxc5 15.
Nxc5 Bxd5 16. Qxd5 Qxd5 17. exd5 Nd4 18. Bd3 b6 19. Nd7 Rfe8 20. Nxb6 Rad8 21.
b4 e4 22. Bb1 axb4 23. a5 e3 24. fxe3 Bxe3+ 25. Kh1 Ne2 26. Bd3 Nc3 27. Na4 Nxd5
28. Bc4 Nf6 29. Rfb1 Ne4 30. g3 Rd2 31. Rb2 Red8 32. Rxd2 Rxd2 33. Ra2 Rxa2 34.
Bxa2 Nd2 35. Bd5 Kf8 36. Nb6 Bd4 37. Nc4 Nb1 38. Nd6 Ke7 39. Nf5+ Kf6 40. Nxd4
Ke5 41. a6 Kxd5 42. a7 Kxd4 43. a8=Q b3 44. Qa1+ Nc3 45. Kg2 Kd3 46. Qb2 Kc4 47.
Kf3 Kb4 48. Kf4 f6 49. Qd2 Kc4 50. Kf5 g6+ 51. Ke6 f5 52. Kf7 Ne4 53. Qb2 g5 54.
Kg7 f4 55. Qe5 Nc3 56. gxf4 b2 57. Qe6+ Kc5 58. Qe7+ Kc4 59. Qe6+ Kc5 60. Qe5+
Kc4 61. Qe6+ 1/2-1/2

[Event "Chigorin Memorial 2019"]
[Site "St Petersburg RUS"]
[Date "2019.10.05"]
[Round "1.119"]
[White "Vasiliev, Georgiy"]
[Black "Matveev, Ivan A."]
[Result "1/2-1/2"]
[WhiteElo "2172"]
[BlackElo "1674"]
[WhiteFideId "34126535"]
[BlackFideId "24262790"]
[EventDate "2019.10.05"]

1. c4 e5 2. Nc3 Nf6 3. Nf3 Nc6 4. e3 d6 5. d4 exd4 6. Nxd4 g6 7. Be2 Nxd4 8.
Qxd4 Bg7 9. O-O O-O 10. Qd3 Re8 11. f3 Be6 12. Rd1 Nd7 13. b3 Nc5 14. Qc2 Be5
15. Bb2 Qh4 16. f4 Bf5 17. Qc1 Bg7 18. Nd5 Qd8 19. Bf3 c6 20. Bxg7 Kxg7 21. Nc3
Qe7 22. e4 Nxe4 23. Nxe4 Bxe4 24. Bxe4 Qxe4 25. Rxd6 Rad8 26. Qc3+ Kg8 27. Rxd8
Rxd8 28. Rf1 Rd3 29. Re1 Qxg2+ 30. Kxg2 Rxc3 31. Re7 Rc2+ 32. Kg3 Rxa2 33. Rxb7
Kg7 34. b4 Ra4 35. b5 c5 36. Rc7 Rxc4 37. Rxa7 Rb4 38. Rb7 Kf6 39. b6 Rb3+ 40.
Kg2 Ke6 41. Rc7 Rxb6 42. Rxc5 Rb3 43. Re5+ Kf6 44. Ra5 Ke6 45. Re5+ Kf6 46. Ra5
Kg7 47. Rc5 Kh6 48. h3 Rb2+ 49. Kg3 Rb3+ 50. Kg2 Rb2+ 51. Kg3 Rb3+ 52. Kg2 1/2-1/2

[Event "Chigorin Memorial 2019"]
[Site "St Petersburg RUS"]
[Date "2019.10.05"]
[Round "1.120"]
[White "Gusev, Mikhail"]
[Black "Volkov, Roman"]
[Result "0-1"]
[WhiteElo "1635"]
[BlackElo "2170"]
[WhiteFideId "34270140"]
[BlackFideId "34191442"]
[EventDate "2019.10.05"]

1. d4 Nf6 2. Nf3 g6 3. Nc3 d5 4. Bf4 Bg7 5. Nb5 Na6 6. e3 O-O 7. Be2 c6 8. Nc3
Qa5 9. Qd2 c5 10. O-O cxd4 11. exd4 Bf5 12. a3 Rac8 13. Rfe1 Qb6 14. Bd3 Bxd3
15. cxd3 e6 16. Be5 Nb8 17. Rac1 Nc6 18. Na4 Qd8 19. Nc5 Qe7 20. b4 b6 21. Nb3
Nxe5 22. dxe5 Ng4 23. Rxc8 Rxc8 24. h3 Nh6 25. Rc1 Qe8 26. Nbd4 a6 27. Rc3 Bf8
28. Qc1 Rxc3 29. Qxc3 Qa4 30. Qb3 Qxb3 31. Nxb3 Nf5 32. Nfd4 Ne7 33. f4 Bh6 34.
g3 g5 35. fxg5 Bxg5 36. Kf2 Bh6 37. b5 axb5 38. Nxb5 Nc6 39. d4 f6 40. exf6 Kf7
41. Nd6+ Kxf6 42. Nc8 Bf8 43. Nxb6 Bxa3 44. Nd7+ Ke7 45. Ne5 Nxe5 46. dxe5 Bb2
47. Ke3 Bxe5 48. g4 Kf6 49. Nd2 Bb2 50. Nf3 e5 51. h4 e4 52. Ng1 Ke5 53. Nh3
Bc1+ 54. Ke2 Bf4 55. Kf2 d4 56. Ke2 Be3 57. Kd1 d3 58. Ke1 Kd4 59. Kd1 Ke5 60.
Ke1 Bc1 61. Kd1 Bf4 62. h5 e3 63. Ng1 Ke4 0-1

[Event "Chigorin Memorial 2019"]
[Site "St Petersburg RUS"]
[Date "2019.10.05"]
[Round "1.121"]
[White "Yurasova, Daria"]
[Black "Davidov, Alexey"]
[Result "1-0"]
[WhiteElo "2168"]
[BlackElo "1658"]
[WhiteFideId "34146919"]
[BlackFideId "34106410"]
[EventDate "2019.10.05"]

1. e4 d5 2. exd5 Qxd5 3. Nc3 Qd6 4. d4 Nf6 5. Nf3 c6 6. Ne5 Nbd7 7. Bf4 Nd5 8.
Nxd5 Qxd5 9. Nf3 Nf6 10. Be2 Bg4 11. O-O e6 12. Re1 Be7 13. c4 Qd8 14. Qb3 Qb6
15. h3 Bh5 16. Qxb6 axb6 17. g4 Bg6 18. Ne5 Rd8 19. Red1 Ne4 20. Bf3 Nd6 21. Bg2
Be4 22. c5 Bxg2 23. cxd6 Bd5 24. dxe7 Kxe7 25. b3 b5 26. Bd2 h5 27. Bb4+ Kf6 28.
g5+ Kxg5 29. Nxf7+ Kh4 30. Kh2 Rhf8 31. Be7+ 1-0

[Event "Chigorin Memorial 2019"]
[Site "St Petersburg RUS"]
[Date "2019.10.05"]
[Round "1.122"]
[White "Lebedev, Artem S."]
[Black "Marinskii, Yurii"]
[Result "0-1"]
[WhiteElo "1561"]
[BlackElo "2167"]
[WhiteFideId "34272747"]
[BlackFideId "34215425"]
[EventDate "2019.10.05"]

1. e4 c5 2. Nf3 d6 3. d4 cxd4 4. Nxd4 Nf6 5. Nc3 g6 6. Be3 Bg7 7. f3 O-O 8. Qd2
d5 9. e5 Ne8 10. Bh6 Nc6 11. Bxg7 Nxg7 12. f4 Qb6 13. O-O-O Qxd4 14. Qxd4 Nxd4
15. Rxd4 Ne6 16. Ne2 Nxd4 17. Nxd4 Bf5 18. Be2 Be4 19. Bf3 Bxf3 20. Nxf3 Rac8
21. Nd4 Rc4 22. c3 Rfc8 23. Kd2 a6 24. Rc1 e6 25. g3 Kf8 26. Rc2 Ke7 27. Rc1 Kd7
28. Rc2 h6 29. g4 Rf8 30. g5 hxg5 31. fxg5 Rh8 32. Ke1 Rh4 33. Nf3 Rh3 34. Rf2
Rf4 35. Ke2 Rf5 36. Rf1 Ke7 37. Rf2 Rhxf3 38. Rxf3 Rxe5+ 39. Kd3 Rxg5 40. Rf2
Rg4 41. b3 e5 42. c4 d4 43. b4 Ke6 44. a4 Rh4 45. b5 Rh3+ 46. Kd2 Ra3 47. bxa6
bxa6 48. Rf1 Rxa4 0-1

[Event "Chigorin Memorial 2019"]
[Site "St Petersburg RUS"]
[Date "2019.10.05"]
[Round "1.123"]
[White "Palin, Denis"]
[Black "Petrova, Varvara"]
[Result "1-0"]
[WhiteElo "2164"]
[BlackElo "1647"]
[WhiteFideId "4118200"]
[BlackFideId "54191254"]
[EventDate "2019.10.05"]

1. c4 Nf6 2. g3 e5 3. Bg2 d6 4. Nc3 g6 5. e3 Bg7 6. Nge2 c6 7. d4 Qc7 8. O-O O-O
9. b3 Nbd7 10. Ba3 Rd8 11. Qc2 Nf8 12. Rad1 exd4 13. Nxd4 Ne6 14. Nf3 b6 15. Rd2
Bb7 16. Rfd1 d5 17. cxd5 cxd5 18. Nb5 Qd7 19. Nd6 Ba6 20. Ne5 Qc7 21. Qxc7 Nxc7
22. Nexf7 Rd7 23. Ne5 Rdd8 24. Nc6 Rf8 25. Rc2 Ne6 26. Ne7+ Kh8 27. Nxd5 Nxd5
28. Bxd5 Ng5 29. f4 Nh3+ 30. Kg2 Nxf4+ 31. exf4 Rad8 32. Rc7 Rf6 33. Nf7+ Rxf7
34. Rxf7 1-0

[Event "Chigorin Memorial 2019"]
[Site "St Petersburg RUS"]
[Date "2019.10.05"]
[Round "1.124"]
[White "Avazov, Semen"]
[Black "Khubukshanov, Erdem"]
[Result "0-1"]
[WhiteElo "1639"]
[BlackElo "2247"]
[WhiteFideId "54114390"]
[BlackFideId "54114527"]
[EventDate "2019.10.05"]

1. d4 Nf6 2. c4 c5 3. d5 d6 4. Nc3 g6 5. e4 Bg7 6. Nf3 O-O 7. Be2 Bg4 8. Nd2
Bxe2 9. Qxe2 e6 10. O-O Re8 11. Qd1 Nbd7 12. Re1 a6 13. a4 Qc7 14. f4 exd5 15.
cxd5 c4 16. Nf3 Nc5 17. e5 Nd3 18. Rf1 Qb6+ 19. Kh1 Ng4 0-1

[Event "Chigorin Memorial 2019"]
[Site "St Petersburg RUS"]
[Date "2019.10.05"]
[Round "1.125"]
[White "Khudyakov, Stanislav"]
[Black "Lakshyesh, Mohan Gupta"]
[Result "1-0"]
[WhiteElo "2160"]
[BlackElo "1635"]
[WhiteFideId "44131232"]
[BlackFideId "45049114"]
[EventDate "2019.10.05"]

1. Nf3 d5 2. b3 b6 3. Bb2 c5 4. g3 Nc6 5. Bg2 e6 6. O-O Nf6 7. c4 Bb7 8. cxd5
exd5 9. d4 Be7 10. Nc3 O-O 11. Rc1 Nxd4 12. Nxd4 cxd4 13. Qxd4 Bc5 14. Qd3 Re8
15. e3 d4 16. Bxb7 dxc3 17. Qxc3 Rb8 18. Bf3 Qc8 19. b4 Be7 20. Bc6 Rd8 21. b5
Qh3 22. Bg2 Qh6 23. Qb3 Ng4 24. h3 Nf6 25. Rc6 Rbc8 26. Rfc1 Rxc6 27. bxc6 Rc8
28. Qa4 Bc5 29. Qxa7 Nh5 30. Qb7 Re8 31. Qd7 Rxe3 32. Qd8+ Bf8 33. c7 Nxg3 34.
Qxf8+ 1-0

[Event "Chigorin Memorial 2019"]
[Site "St Petersburg RUS"]
[Date "2019.10.05"]
[Round "1.126"]
[White "Terman, Alexander"]
[Black "Khramov, Andrey"]
[Result "1/2-1/2"]
[WhiteElo "1577"]
[BlackElo "2159"]
[WhiteFideId "44157363"]
[BlackFideId "24199257"]
[EventDate "2019.10.05"]

1. d4 d5 2. c4 c6 3. Nc3 Nf6 4. cxd5 cxd5 5. Bf4 Nc6 6. Nf3 Bf5 7. e3 e6 8. Bd3
Bxd3 9. Qxd3 Bd6 10. Bxd6 Qxd6 11. O-O O-O 12. Rfc1 Rac8 13. b3 Qa3 14. Nb5 Qa6
15. a4 Qb6 16. Rab1 Ne4 17. Ne5 Nxe5 18. dxe5 a6 19. Nd4 Qb4 20. f3 Nc5 21. Qc3
Qxc3 22. Rxc3 Nd7 23. Rbc1 Rxc3 24. Rxc3 Nxe5 25. Rc7 Rb8 26. b4 Nd3 27. b5 a5
28. Nb3 b6 29. Nd4 Nb2 30. Nc6 Ra8 31. Ne7+ Kf8 32. Nc8 Nxa4 33. Rc6 Ke8 34.
Nxb6 Nxb6 35. Rxb6 Kd7 36. Rb7+ Kd6 37. Rxf7 a4 38. b6 a3 39. Ra7 Rb8 40. Rxa3
Rxb6 41. Ra7 g6 42. Rxh7 Ke5 43. Ra7 Rb2 44. Ra3 g5 45. h3 Kf6 46. Kh2 Kf5 47.
Kg3 Re2 1/2-1/2

[Event "Chigorin Memorial 2019"]
[Site "St Petersburg RUS"]
[Date "2019.10.05"]
[Round "1.127"]
[White "Efremov, Vladislav"]
[Black "Erin, Aleksandr V."]
[Result "1-0"]
[WhiteTitle "FM"]
[WhiteElo "2137"]
[BlackElo "1612"]
[WhiteFideId "44159935"]
[BlackFideId "24272710"]
[EventDate "2019.10.05"]

1. d4 Nf6 2. c4 c5 3. d5 e6 4. Nf3 exd5 5. cxd5 d6 6. Nc3 g6 7. Bf4 a6 8. a4 Bg7
9. e3 O-O 10. h3 Re8 11. Nd2 Qc7 12. Be2 Bf5 13. O-O Ne4 14. Ndxe4 Bxe4 15. g4
Qb6 16. f3 Qxb2 17. Nxe4 Qxa1 18. Qxa1 Bxa1 19. Rxa1 a5 20. Nf6+ 1-0

[Event "Chigorin Memorial 2019"]
[Site "St Petersburg RUS"]
[Date "2019.10.05"]
[Round "1.128"]
[White "Vershinin, Igor"]
[Black "Ismagilov, Damir"]
[Result "0-1"]
[WhiteElo "1610"]
[BlackElo "2156"]
[WhiteFideId "24256137"]
[BlackFideId "34199982"]
[EventDate "2019.10.05"]

1. e4 c5 2. Nf3 e6 3. d4 cxd4 4. Nxd4 Nf6 5. f3 d5 6. Bb5+ Bd7 7. Bxd7+ Nbxd7 8.
exd5 Nxd5 9. O-O Bc5 10. Kh1 Qh4 11. Nb3 Be3 12. Na3 N7f6 13. c4 Bxc1 14. Qxc1
Ne7 15. Qe1 Qxe1 16. Rfxe1 O-O 17. Nc2 Rfc8 18. Ne3 a5 19. Nd4 Rc5 20. Nb5 Nd7
21. b3 f5 22. Rad1 Nf6 23. Nd4 Ra6 24. Nb5 g5 25. Rd8+ Kg7 26. Rb8 Rb6 27. Nc2
Rbxb5 28. cxb5 Rxc2 29. Rxb7 Nd5 30. h4 Kf7 31. hxg5 Rxa2 0-1

[Event "Chigorin Memorial 2019"]
[Site "St Petersburg RUS"]
[Date "2019.10.05"]
[Round "1.129"]
[White "Khalikov, Bulat"]
[Black "Grekhov, Luka"]
[Result "1-0"]
[WhiteElo "2152"]
[BlackElo "1601"]
[WhiteFideId "34147869"]
[BlackFideId "44129637"]
[EventDate "2019.10.05"]

1. e4 c5 2. Nf3 e6 3. d4 cxd4 4. Nxd4 a6 5. Bd3 Nf6 6. O-O Bc5 7. Nb3 Ba7 8. e5
Nd5 9. Qg4 g6 10. Na3 d6 11. Bg5 Qc7 12. exd6 Qxd6 13. c4 f5 14. Qh4 Nb4 15. c5
Bxc5 16. Nxc5 Qxc5 17. Rac1 Nxd3 18. Rxc5 Nxc5 19. Qd4 1-0

[Event "Chigorin Memorial 2019"]
[Site "St Petersburg RUS"]
[Date "2019.10.05"]
[Round "1.130"]
[White "Reger, Valeriia"]
[Black "Galchenko, Vadim"]
[Result "0-1"]
[WhiteElo "1599"]
[BlackElo "2139"]
[WhiteFideId "34175528"]
[BlackFideId "24177334"]
[EventDate "2019.10.05"]

1. d4 Nf6 2. Nf3 e6 3. g3 c5 4. Bg2 Nc6 5. c4 cxd4 6. Nxd4 Be7 7. O-O O-O 8. Nc3
a6 9. e4 Qc7 10. Nxc6 dxc6 11. Qe2 e5 12. h3 Be6 13. Be3 b5 14. b3 Qa5 15. Rfc1
bxc4 16. bxc4 Rab8 17. f4 Ba3 18. Rc2 Bb2 19. Rxb2 Qxc3 20. Rab1 Bxc4 21. Qf2
Rxb2 22. Rxb2 Bd3 23. fxe5 Nxe4 24. Bxe4 Bxe4 25. Bd4 Qc1+ 26. Qf1 Qxf1+ 27.
Kxf1 Bd3+ 28. Kf2 Bb5 29. Ke3 Re8 30. Kf4 h6 31. h4 Kh7 32. g4 Rd8 33. Ke4 Kg6
34. Rf2 Rd7 35. a3 a5 36. Ke3 Re7 37. Kf4 a4 38. Bc5 Re6 39. Bd4 f6 40. Ke4 fxe5
41. Bxe5 Re7 42. Rd2 Kh7 43. g5 hxg5 44. hxg5 Kg6 45. Rg2 Rd7 46. Bd4 c5 47. Rb2
Rxd4+ 0-1

[Event "Chigorin Memorial 2019"]
[Site "St Petersburg RUS"]
[Date "2019.10.05"]
[Round "1.131"]
[White "Usmanov, Ilnur"]
[Black "Vetokhina, Sofia"]
[Result "1-0"]
[WhiteElo "2144"]
[BlackElo "1589"]
[WhiteFideId "4111303"]
[BlackFideId "24199966"]
[EventDate "2019.10.05"]

1. c4 e5 2. Nc3 Nf6 3. Nf3 Nc6 4. e4 d6 5. d4 Bg4 6. d5 Bxf3 7. gxf3 Nb8 8. f4
Nfd7 9. Qg4 h5 10. Qh3 exf4 11. Bxf4 g5 12. Bd2 g4 13. Qg2 Ne5 14. Be2 Qf6 15.
h3 Nbd7 16. O-O-O gxh3 17. Rxh3 O-O-O 18. f4 Ng6 19. Qf2 Nb6 20. Rxh5 Rxh5 21.
Bxh5 Nxc4 22. Qxa7 Nxf4 23. Bg4+ Ne6 24. dxe6 fxe6 25. Qa8+ Kd7 26. Qa4+ 1-0

[Event "Chigorin Memorial 2019"]
[Site "St Petersburg RUS"]
[Date "2019.10.05"]
[Round "1.132"]
[White "Petrov, Igor"]
[Black "Kumargaliev, Marsel"]
[Result "0-1"]
[WhiteElo "1584"]
[BlackElo "2144"]
[WhiteFideId "54110831"]
[BlackFideId "34111023"]
[EventDate "2019.10.05"]

1. d4 Nf6 2. c4 g6 3. Nc3 Bg7 4. e4 O-O 5. f3 d6 6. Be3 Nc6 7. Qd2 e5 8. d5 Nd4
9. O-O-O c5 10. Be2 Bd7 11. g4 Qa5 12. Kb1 Rfb8 13. h4 a6 14. h5 b5 15. Rf1 bxc4
16. hxg6 fxg6 17. Rf2 Rb7 18. Bxc4 Rb4 19. Bf1 Rab8 20. Qc1 c4 21. Rfh2 Ba4 22.
Bg5 Bb3 23. Bxf6 Bxf6 24. Rf2 Bc2+ 25. Rxc2 Bg5 26. Qxg5 Nxc2 27. Qe7 Rxb2+ 28.
Kc1 R8b7 29. Qe6+ Kg7 30. g5 Nd4 31. Qf6+ Kg8 32. Kd1 Rb1+ 33. Kd2 R7b2+ 34. Ke3
Qxc3+ 35. Bd3 Qxd3# 0-1

[Event "Chigorin Memorial 2019"]
[Site "St Petersburg RUS"]
[Date "2019.10.05"]
[Round "1.133"]
[White "Vetokhin, Ilia"]
[Black "Oleinik, Egor"]
[Result "1-0"]
[WhiteElo "2143"]
[BlackElo "1575"]
[WhiteFideId "24156078"]
[BlackFideId "14158469"]
[EventDate "2019.10.05"]

1. d4 d5 2. c4 e6 3. Nc3 Nf6 4. cxd5 exd5 5. Bg5 Be7 6. e3 Bf5 7. Qb3 Nbd7 8.
Bxf6 Nxf6 9. Qxb7 O-O 10. Qa6 Bb4 11. Bd3 Ne4 12. Ne2 Rb8 13. Bxe4 Bxe4 14. O-O
f5 15. Nf4 g5 16. Qe6+ Rf7 17. Nfxd5 Bxc3 18. Nxc3 Rb6 19. Qe5 Rxb2 20. Nxe4
fxe4 21. Qxe4 1-0

[Event "Chigorin Memorial 2019"]
[Site "St Petersburg RUS"]
[Date "2019.10.05"]
[Round "1.134"]
[White "Kvaratskheliya, Tristan"]
[Black "Lebedev, Mikhail S."]
[Result "0-1"]
[WhiteElo "1536"]
[BlackElo "2142"]
[WhiteFideId "34253637"]
[BlackFideId "24130303"]
[EventDate "2019.10.05"]

1. e4 c5 2. Nf3 Nc6 3. d4 cxd4 4. Nxd4 Nf6 5. Nc3 e5 6. Ndb5 d6 7. Bg5 a6 8. Na3
b5 9. Bxf6 gxf6 10. Nd5 Bg7 11. Bd3 Ne7 12. Nxe7 Qxe7 13. O-O O-O 14. c3 f5 15.
Qh5 f4 16. Nc2 f5 17. Nb4 Bb7 18. exf5 e4 19. Rae1 Qe5 20. Bc2 Rxf5 21. Qe2 f3
22. gxf3 Rg5+ 23. Kh1 Rh5 24. f4 e3+ 25. f3 Qxf4 26. Nd3 Qh6 27. Bb3+ Kh8 28.
Qxe3 Rxh2+ 29. Kg1 Rh1+ 0-1

[Event "Chigorin Memorial 2019"]
[Site "St Petersburg RUS"]
[Date "2019.10.05"]
[Round "1.135"]
[White "Polosin, Evgeni"]
[Black "Smirnov, Yaroslav"]
[Result "1-0"]
[WhiteElo "2159"]
[BlackElo "1570"]
[WhiteFideId "24108456"]
[BlackFideId "44110839"]
[EventDate "2019.10.05"]

1. e4 c5 2. Nf3 Nc6 3. d4 cxd4 4. c3 dxc3 5. Nxc3 e6 6. Bc4 d6 7. O-O Nf6 8. Qe2
Be7 9. Rd1 e5 10. h3 O-O 11. a3 a6 12. b4 b5 13. Bb3 Bb7 14. Bg5 Ne8 15. Bxe7
Qxe7 16. Nd5 Qd8 17. Qd3 Ne7 18. Ne3 Qb6 19. h4 Rb8 20. h5 h6 21. Nh4 Nf6 22.
Ng6 Rfe8 23. Nxe7+ Rxe7 24. Nf5 Rd7 25. Qg3 Ne8 26. Qg6 Kh8 27. Bxf7 Qd8 28.
Bxe8 Qxe8 29. Qxe8+ Rxe8 30. Nxd6 Rb8 31. Rac1 Ba8 32. f3 Kh7 33. Nf5 Rbd8 34.
Rxd7 Rxd7 35. Rc3 g6 36. hxg6+ Kxg6 37. Kf2 Bb7 38. Ke2 Kg5 39. g3 h5 40. Rc5
Kf6 41. Ne3 Rg7 42. Nf5 Rd7 43. Ke3 Rd1 44. Rc7 Bd5 45. Rd7 Bb3 46. Rxd1 Bxd1
47. Nd6 Kg5 48. Nb7 h4 49. gxh4+ Kxh4 50. f4 exf4+ 51. Kxf4 Bg4 52. Nc5 Bc8 53.
Ke5 Kg5 54. Kd6 Kf4 55. e5 Ke3 56. e6 Bxe6 57. Kxe6 Kd4 58. Nxa6 Kc4 59. Kd6 Kb3
60. Kc5 1-0

[Event "Chigorin Memorial 2019"]
[Site "St Petersburg RUS"]
[Date "2019.10.05"]
[Round "1.136"]
[White "Romanov, Nikita M."]
[Black "Efimov, Ignat"]
[Result "0-1"]
[WhiteElo "1587"]
[BlackElo "2138"]
[WhiteFideId "34273875"]
[BlackFideId "24280810"]
[EventDate "2019.10.05"]

1. e4 c5 2. c3 Nf6 3. e5 Nd5 4. d4 cxd4 5. cxd4 d6 6. Nf3 Nc6 7. Bc4 Nb6 8. Bb5
dxe5 9. Nxe5 Bd7 10. Bxc6 Bxc6 11. Nxc6 bxc6 12. O-O e6 13. Nc3 Be7 14. Qg4 O-O
15. Rd1 Nd5 16. Nxd5 Qxd5 17. Bf4 Bf6 18. Qg3 Rfd8 19. Be5 Bxe5 20. Qxe5 Rab8
21. b3 Rb5 22. g3 h5 23. Rac1 Qf3 24. Qe3 Qg4 25. f3 Qh3 26. Rxc6 e5 27. Qg5
Rbd5 28. Rc5 f6 29. Rxd5 Rxd5 30. Qe3 Qd7 31. Re1 Rxd4 32. Re2 h4 33. gxh4 Rxh4
34. Rd2 Qf5 35. Rd8+ Kh7 36. Qd3 e4 37. Qd5 Qxd5 38. Rxd5 exf3 39. Ra5 f2+ 40.
Kxf2 Rxh2+ 41. Kg3 Rb2 42. Rxa7 Kh6 43. Kg4 g5 44. Ra6 Kg6 45. Kg3 Rb1 46. Kg4
Rg1+ 47. Kf3 Rf1+ 48. Kg4 Rf4+ 49. Kg3 Kh5 50. a4 Rg4+ 51. Kf3 f5 52. Rb6 Rd4
53. a5 g4+ 54. Kg2 Kh4 55. Rh6+ Kg5 56. Rb6 Kf4 57. a6 Rd2+ 58. Kf1 Kf3 59. Ke1
Re2+ 60. Kd1 Ra2 61. Rc6 Ra1+ 62. Kc2 g3 63. Kb2 g2 64. Kxa1 g1=Q+ 65. Kb2 Ke4
66. Rc4+ Kd5 67. Ra4 Qf2+ 68. Ka3 Qc5+ 69. b4 Qc3+ 70. Ka2 Qc2+ 71. Ka3 Kc4 0-1

[Event "Chigorin Memorial 2019"]
[Site "St Petersburg RUS"]
[Date "2019.10.05"]
[Round "1.138"]
[White "Kobak, Polina"]
[Black "Ivanov, Sergei V."]
[Result "0-1"]
[WhiteElo "1549"]
[BlackElo "2134"]
[WhiteFideId "24269727"]
[BlackFideId "24170003"]
[EventDate "2019.10.05"]

1. d4 Nf6 2. c4 g6 3. f3 Bg7 4. e4 d6 5. Be3 O-O 6. Ne2 Nc6 7. Qd2 a6 8. Nbc3
Rb8 9. Nc1 e5 10. d5 Nd4 11. Nb3 Nxb3 12. axb3 c5 13. g4 h5 14. h3 Nh7 15. gxh5
Qh4+ 16. Kd1 Qxh5 17. Be2 Qh4 18. Rg1 Re8 19. Kc2 Nf6 20. Bg5 Qh8 21. h4 Nh5 22.
Bd3 Bd7 23. Be3 Bf6 24. Bg5 Bg7 25. Be3 Bf6 26. Qf2 Kf8 27. f4 exf4 28. Bxf4
Nxf4 29. Qxf4 Be5 30. Qf3 Ke7 31. Raf1 Rf8 32. Qg2 Qxh4 33. Rh1 Qg3 34. Qd2 Rh8
35. Ne2 Qg4 36. Rhg1 Qh5 37. Qc1 Qh6 38. Qe1 Qg7 39. Qc1 Rh5 40. Rf2 Rbh8 41.
Rgf1 Be8 42. Nf4 Rh2 43. Kb1 Bd4 44. Re2 Be5 45. Ref2 Bd4 46. Re2 Bd7 47. Qd2
Rxe2 48. Qxe2 Be5 49. Qg2 g5 50. Ne2 Bh3 0-1

[Event "Chigorin Memorial 2019"]
[Site "St Petersburg RUS"]
[Date "2019.10.05"]
[Round "1.139"]
[White "Gagare, Shalmali"]
[Black "Kulnev, Aleksandr"]
[Result "1-0"]
[WhiteTitle "WIM"]
[WhiteElo "2134"]
[BlackElo "1536"]
[WhiteFideId "5038650"]
[BlackFideId "54157544"]
[EventDate "2019.10.05"]

1. e4 d5 2. exd5 Nf6 3. d4 Bg4 4. Nf3 Qxd5 5. Be2 Nc6 6. c4 Qf5 7. Be3 g6 8. h3
Bxf3 9. Bxf3 Bg7 10. Qa4 Qa5+ 11. Qxa5 Nxa5 12. Nd2 O-O-O 13. O-O-O Ne8 14. b4
Nc6 15. Bxc6 bxc6 16. Nb3 Nd6 17. Na5 Rd7 18. Kc2 e6 19. Kb3 Nf5 20. Nxc6 Kb7
21. b5 Ne7 22. Nxe7 Rxe7 23. d5 exd5 24. Rxd5 Rhe8 25. Rhd1 Rc8 26. Rd7 Rce8 27.
c5 1-0

[Event "Chigorin Memorial 2019"]
[Site "St Petersburg RUS"]
[Date "2019.10.05"]
[Round "1.140"]
[White "Nagaeva, Aliia"]
[Black "Dudarev, V."]
[Result "1-0"]
[WhiteElo "1542"]
[BlackElo "2127"]
[WhiteFideId "54152275"]
[BlackFideId "4124413"]
[EventDate "2019.10.05"]

1. e4 c6 2. d4 d5 3. e5 c5 4. c3 Nc6 5. Nf3 Bg4 6. Bb5 e6 7. O-O Qb6 8. Bxc6+
bxc6 9. Nbd2 cxd4 10. cxd4 Ne7 11. Nb3 Nf5 12. Be3 Be7 13. h3 Bxf3 14. Qxf3 O-O
15. Rfc1 a5 16. Qe2 Rfb8 17. Rab1 Ra7 18. Qc2 a4 19. Nc5 Qb4 20. Nd3 Qb5 21. b3
a3 22. Nc5 Qb4 23. Qc3 Qb5 24. Rc2 h6 25. Rbc1 Rc7 26. Qd3 Qxd3 27. Nxd3 Rb6 28.
Kf1 Kf8 29. Ke2 Ke8 30. Nc5 Kd8 31. Kd3 Bxc5 32. Rxc5 Ra6 33. Bd2 Kd7 34. Ra5
Rca7 35. Rcc5 Kc7 36. Rxa6 Rxa6 37. Ra5 Kb6 38. Rxa6+ Kxa6 39. Bb4 Nh4 40. g3
Nf3 41. Ke3 Ng5 42. h4 Ne4 43. Be1 c5 44. f3 1-0

[Event "Chigorin Memorial 2019"]
[Site "St Petersburg RUS"]
[Date "2019.10.05"]
[Round "1.141"]
[White "Poznyak, Nazar"]
[Black "Kudryavtseva, Anastasia"]
[Result "1-0"]
[WhiteElo "2124"]
[BlackElo "1501"]
[WhiteFideId "14159902"]
[BlackFideId "44166320"]
[EventDate "2019.10.05"]

1. d4 Nf6 2. c4 g6 3. Nc3 Bg7 4. e4 d6 5. h3 O-O 6. Be3 e5 7. d5 Nh5 8. g3 Na6
9. Be2 Nf6 10. Nf3 Qe7 11. g4 Nc5 12. Nd2 c6 13. b4 Na6 14. a3 cxd5 15. cxd5 Nc7
16. Nf1 a6 17. a4 Bd7 18. Ng3 Rac8 19. Qd2 Nfe8 20. Rc1 f5 21. gxf5 gxf5 22.
exf5 Bxf5 23. Nxf5 Rxf5 24. Bg4 Qf7 25. Qc2 Rf6 26. Bxc8 Nxd5 27. Nxd5 Qxd5 28.
Qc4 Qxc4 29. Rxc4 d5 30. Rc5 d4 31. Rxe5 Rf8 32. Bxd4 Bxe5 33. Be6+ Kg7 34.
Bxe5+ Nf6 35. Rg1+ Kh6 36. Bf4+ 1-0